000 00326nam a2200133Ia 4500
008 151001s9999||||xx |||||||||||||| ||und||
100 _aकांता सिन्हा
245 _aकोहश
250 _a1
260 _bपंकज बुक्स
260 _c2003
300 _a143
365 _b21
999 _c992313
_d992310